Manuel Zapata Olivella : (Registro nro. 326324)

Detalles MARC
000 -ENCABEZADO
Número de control [NR] 01451nam a22002657a 4500
005 - FECHA Y HORA DE LA ÚLTIMA TRANSACCIÓN
control field 20260429124226.0
008 - DE LONGITUD FIJA DE DATOS DE ELEMENTOS - INFORMACIÓN GENERAL
Elementos de longitud fija [NR] 260429t2026 |||||||| |||| 00| 0 spa d
020 ## - NUMERO INTERNACIONAL NORMALIZADO PARA LIBROS [R]
Número Internacional Normalizado del libro [NR] 9789585006294
040 ## - FUENTE DE CATALOGACION [NR]
Agencia de catalogación original [NR] CO-BoUCM
Idioma de catalogación [NR] spa
Quien Cataloga Stefania Borbon
Quien Clasifica Stefania Borbon
100 ## - ASIENTO PRINCIPAL--NOMBRE PERSONAL [NR]
Nombre personal [NR] Martán Tamayo, Olga Lucía
ID Autoridad 188917
245 ## - MENCION DE TITULO [NR]
Título [NR] Manuel Zapata Olivella :
Parte restante del título [NR] los años de formación, 1920-1943 /
Mención de responsabilidad, etc. [NR] Olga Lucía Martán Tamayo ; prólogo de Gilberto Loaiza Cano
260 ## - PUBLICACION, DISTRIBUCION, ETC. (PIE DE IMPRENTA) [R]
Lugar de publicación, distribución, etc. [R] Bogotá, D. C. :
Nombre del editor, distribuidor, etc. [R] Editorial Universidad del Rosario,
Fecha de publicación, distribución, etc. [R] 2026
300 ## - DESCRIPCION FISICA [R]
Extensión [R] xxi, 376 páginas :
Otros detalles físicos [NR] ilustraciones
504 ## - NOTA DE BIBLIOGRAFIA, ETC. [R]
Nota de bibliografía, etc. [NR] Incluye referencias bibliográficas e índices
520 ## - NOTA DE RESUMEN, ETC. [R]
Nota de sumario, etc. [NR] Estudio biográfico e intelectual sobre los años formativos de Manuel Zapata Olivella entre 1920 y 1943. Explora su entorno familiar, influencias literarias y sus primeros pasos como pensador y escritor en el contexto de la sociedad colombiana de principios del siglo XX.
600 14 - ASIENTO SECUNDARIO DE MATERIA - NOMBRE PERSONAL [R]
Nombre personal [NR] Zapata Olivella, Manuel,
Fechas asociadas con el nombre [NR] 1920-2004
Subdivisión general [R] Crítica e interpretación
9 (RLIN) 188918
600 14 - ASIENTO SECUNDARIO DE MATERIA - NOMBRE PERSONAL [R]
Nombre personal [NR] Zapata Olivella, Manuel,
Fechas asociadas con el nombre [NR] 1920-2004
Subdivisión general [R] Biografía
9 (RLIN) 188919
650 ## - ASIENTO SECUNDARIO DE MATERIA - TERMINO TEMATICO [R]
Término temático o nombre geográfico como elemento de entrada [NR] Intelectuales negros
Subdivisión cronológica [R] Siglo XX
Subdivisión geográfica [R] Colombia
9 (RLIN) 188920
650 ## - ASIENTO SECUNDARIO DE MATERIA - TERMINO TEMATICO [R]
Término temático o nombre geográfico como elemento de entrada [NR] Literatura colombiana
Subdivisión general [R] Historia y crítica
9 (RLIN) 74041
650 ## - ASIENTO SECUNDARIO DE MATERIA - TERMINO TEMATICO [R]
Término temático o nombre geográfico como elemento de entrada [NR] Afrocolombianos
Subdivisión general [R] Identidad
9 (RLIN) 188921
700 1# - ASIENTO SECUNDARIO - NOMBRE PERSONAL [R]
Nombre personal [NR] Loaiza Cano, Gilberto,
Término de relación [R] prólogo
9 (RLIN) 43927
710 2# - ASIENTO SECUNDARIO - NOMBRE CORPORATIVO [R]
Nombre corporativo o de jurisdicción como elemento de entrada [NR] Universidad del Rosario,
9 (RLIN) 28209
942 ## - ELEMENTOS DE ENTRADA AGREGADOS (KOHA)
Sistema de clasificación DEWEY
Tema principal Biografías
Tipo de ítem principal el descrito en 300a Libro
Edición 1
Clasificación 920.71
Parte restante de la signatura top. M375
Existencias
Total préstamos Signatura topográfica Código de barras Última vez visto Ejemplar Price effective from Tipo de ítem Perdido Sistema de clasificación Dañado No prestable Tipo de ítem específico Suprimido Ubicación habitual Ubicación actual Localización Fecha de creación Forma de adquisición Costo Fecha de último préstamo
  920.71 M375 100174847 30/04/2026 Ej.1 29/04/2026 Edición Rosarista   DEWEY     Libro Edición Rosarista   Claustro Claustro 4to piso 29/04/2026 Compra 48750.00  
2 920.71 M375 100174845 07/05/2026 Ej.2 29/04/2026 Libro   DEWEY     Libro   Claustro Claustro 2do piso 29/04/2026 Compra 48750.00 07/05/2026
2 920.71 M375 100174846 05/06/2026 Ej.3 29/04/2026 Libro   DEWEY     Libro   Claustro Claustro 2do piso 29/04/2026 Compra 48750.00 07/05/2026